| 000 | 00490nam a2200181Ia 4500 | ||
|---|---|---|---|
| 003 | OSt | ||
| 005 | 20250205114414.0 | ||
| 008 | 210210b1966 xxu||||| |||| 00| 0 eng d | ||
| 040 | _cAL | ||
| 041 | _aKannada | ||
| 082 | _a859/680 | ||
| 100 |
_aTRIVENI _994724 _dತ್ರಿವೇಣಿ. |
||
| 245 |
_aSotugeddavalu _bಸೋತು ಗೆದ್ದವಳು |
||
| 260 |
_aMaisUru _bDVK Murthy, Prakashakaru _c1966 |
||
| 690 |
_aKannada Fiction _994725 |
||
| 906 | _a021531 | ||
| 942 |
_2ddc _cBK |
||
| 999 |
_c145618 _d145618 |
||